Open Data Biblioteca Nacional de Portugal


República Portuguesa: Ministério da Cultura
Biblioteca Nacional de Portugal

Catálogo da BNP: acesso por Identificadores Unívocos
Registos Bibliográficos associados ao registo de autoridade

Etiqueta de registo: 00254nam 2200025 450
001 2284925
003 http://id.bnportugal.gov.pt/bib/catbnp/2284925
100 ## $a20260421d1681 m y0pory01030103ba
101 0# $alat
102 ## $aFR
105 ## $aa z 000yy
106 ## $ar
200 1# $aOpuscula Petri de Marca Archiepiscopi Parisiensis, nunc primùm in lucem edita
210 #9 $aParisiis$capud Franciscum Muguet Regis & illustrissimi Archiepiscopi Parisiensis Typographum,$d1681
215 ## $a[56], 516 [i.e. 518], [14] p.$cil.$d8º (19 cm)
307 ## $aErro de pagin.: repetida a numeração nas p. 495-496
307 ## $aAssin.: Åa//8, Åe//8, Åi//8, Åo//4, A-Kk//8, Ll//2
314 ## $aEd. literária de Étienne Baluze, que assina o pref.
321 ## $aBnF FRBNF30876381
321 ## $aICCU IT\ICCU\BVEE\042024
620 ## $dParis
700 #1 $aMarca,$bPierre de,$f1594-1662$31996476
702 #1 $aBaluze,$bÉtienne,$f1630-1718$4340$31793917
702 #1 $aMuguet,$bFrançois,$ffl. 1658-1702$4610$399721
801 #0 $aPT$bBN$gRPC
856 40 $2Cópia digital disponível em Google Books$uhttps://books.google.pt/books?id=Huhxv3jJeKcC&hl=pt-PT&pg=PP5#v=onepage&q&f=false
966 ## $lBN$mFGMON$sR. 1777 P.
971 ## $cpmesqui$d20260421
997 ## $aBIBEOD

OpendataBNP@bnportugal.pt | Mais informação sobre acesso aos dados BNP